<?xml version="1.0" encoding="UTF-8"?>
<record
    xmlns:xsi="http://www.w3.org/2001/XMLSchema-instance"
    xsi:schemaLocation="http://www.loc.gov/MARC21/slim http://www.loc.gov/standards/marcxml/schema/MARC21slim.xsd"
    xmlns="http://www.loc.gov/MARC21/slim">

  <leader>01803nam a22003137a 4500</leader>
  <controlfield tag="001">8830</controlfield>
  <controlfield tag="003">FISKH</controlfield>
  <controlfield tag="005">20251022104432.0</controlfield>
  <controlfield tag="008">251022b        cb ||||| |||| 00| 0 eng d</controlfield>
  <datafield tag="020" ind1=" " ind2=" ">
    <subfield code="a">9789996346064</subfield>
  </datafield>
  <datafield tag="040" ind1=" " ind2=" ">
    <subfield code="a">FISKH</subfield>
    <subfield code="b">khr</subfield>
    <subfield code="c">FISKH</subfield>
    <subfield code="d">FISKH</subfield>
  </datafield>
  <datafield tag="050" ind1=" " ind2=" ">
    <subfield code="a">PZ7</subfield>
  </datafield>
  <datafield tag="082" ind1=" " ind2=" ">
    <subfield code="a">895</subfield>
  </datafield>
  <datafield tag="100" ind1=" " ind2=" ">
    <subfield code="a">Vichet, Prom </subfield>
  </datafield>
  <datafield tag="245" ind1=" " ind2=" ">
    <subfield code="a">&#x1790;&#x17D2;&#x1784;&#x17C3;&#x1785;&#x17BC;&#x179B;&#x179A;&#x17C0;&#x1793;&#x178A;&#x17C6;&#x1794;&#x17BC;&#x1784;&#x179A;&#x1794;&#x179F;&#x17CB;&#x1799;&#x17C9;&#x17B6; &#x1799;&#x17C9;&#x17B6; :</subfield>
    <subfield code="b">Ya Ya's first day of school / </subfield>
    <subfield code="c">&#x179F;&#x17A0;&#x1780;&#x17B6;&#x179A;&#x1793;&#x17B7;&#x1796;&#x1793;&#x17D2;&#x1792; &#x179B;&#x17C4;&#x1780; &#x1783;&#x17B9;&#x1798; &#x1785;&#x1793;&#x17D2;&#x1791;&#x179F;&#x17BB;&#x17A2;&#x17A0;&#x17C6; ,&#x200B; &#x179B;&#x17C4;&#x1780; &#x1796;&#x17D2;&#x179A;&#x17C6; &#x179C;&#x17B7;&#x1785;&#x17B7;&#x178F;&#x17D2;&#x179A; ,&#x200B;&#x200B; &#x17A2;&#x17D2;&#x1793;&#x1780;&#x179F;&#x17D2;&#x179A;&#x17B8; &#x1782;&#x17B9;&#x1798;&#x179F;&#x17CA;&#x17BB;&#x1793; &#x179F;&#x17BB;&#x1792;&#x17B6;&#x179A;&#x17B8; ,&#x200B; &#x17A2;&#x17D2;&#x1793;&#x1780;&#x179F;&#x17D2;&#x179A;&#x17B8; &#x17A1;&#x17B6;&#x1799; &#x1794;&#x17BC;&#x1795;&#x17B6;&#x200B; &#x1793;&#x17B7;&#x1784; &#x17A2;&#x17D2;&#x1793;&#x1780;&#x179F;&#x17D2;&#x179A;&#x17B8; &#x1783;&#x17B8; &#x179F;&#x17C5;&#x1793;&#x17B8; </subfield>
  </datafield>
  <datafield tag="260" ind1=" " ind2=" ">
    <subfield code="a">Phnom Penh : </subfield>
    <subfield code="b">Reading Books , </subfield>
    <subfield code="c">2017.</subfield>
  </datafield>
  <datafield tag="300" ind1=" " ind2=" ">
    <subfield code="a">16 pages : </subfield>
    <subfield code="b">color illustrations ; </subfield>
    <subfield code="c">18*18 cm . </subfield>
  </datafield>
  <datafield tag="490" ind1=" " ind2=" ">
    <subfield code="a">&#x1796;&#x17B7;&#x1797;&#x1796;&#x1780;&#x17BB;&#x1798;&#x17B6;&#x179A;&#x178F;&#x17BC;&#x1785;</subfield>
  </datafield>
  <datafield tag="505" ind1=" " ind2=" ">
    <subfield code="a">F 
</subfield>
  </datafield>
  <datafield tag="520" ind1=" " ind2=" ">
    <subfield code="a">&#x1799;&#x17C9;&#x17B6; &#x1799;&#x17C9;&#x17B6;&#x179A;&#x17C0;&#x1794;&#x1785;&#x17C6;&#x1781;&#x17D2;&#x179B;&#x17BD;&#x1793;&#x1791;&#x17C5;&#x179F;&#x17B6;&#x179B;&#x17B6;&#x179A;&#x17C0;&#x1793;&#x1793;&#x17C5;&#x1790;&#x17D2;&#x1784;&#x17C3;&#x178A;&#x17C6;&#x1794;&#x17BC;&#x1784; &#x17D4; &#x1793;&#x17B6;&#x1784;&#x1780;&#x17C6;&#x1796;&#x17BB;&#x1784;&#x179A;&#x1780; &#x17A2;&#x17B6;&#x179C;&#x179F; ,&#x200B; &#x1794;&#x17BC;&#x1785;&#x1784;&#x179F;&#x1780;&#x17CB;&#x200B;&#x200B; ,&#x200B; &#x179F;&#x17D2;&#x179A;&#x17C4;&#x1798;&#x1787;&#x17BE;&#x1784; , &#x179F;&#x17C6;&#x1796;&#x178F;&#x17CB;&#x200B; ,&#x179F;&#x17D2;&#x1794;&#x17C2;&#x1780;&#x1787;&#x17BE;&#x1784;&#x200B; ,&#x200B; &#x1780;&#x17B6;&#x178F;&#x17B6;&#x1794;&#x200B;&#x200B; ......&#x17D4;</subfield>
  </datafield>
  <datafield tag="520" ind1=" " ind2=" ">
    <subfield code="a">"Ya Ya is getting ready to go to school on the first day. She is looking for a shirt, hair ties, socks, a skirt, shoes, a schoolbag, and so on."</subfield>
  </datafield>
  <datafield tag="521" ind1="8" ind2=" ">
    <subfield code="a">300 
</subfield>
    <subfield code="b">Lexile estimate 
</subfield>
  </datafield>
  <datafield tag="521" ind1="8" ind2=" ">
    <subfield code="a">F 
</subfield>
    <subfield code="b">Raz-Plus 
</subfield>
  </datafield>
  <datafield tag="650" ind1=" " ind2=" ">
    <subfield code="a">&#x1790;&#x17D2;&#x1784;&#x17C3;&#x1785;&#x17BC;&#x179B;&#x179A;&#x17C0;&#x1793;&#x178A;&#x17C6;&#x1794;&#x17BC;&#x1784;&#x179A;&#x1794;&#x179F;&#x17CB;&#x1799;&#x17C9;&#x17B6; &#x1799;&#x17C9;&#x17B6;</subfield>
    <subfield code="v">&#x179A;&#x17BF;&#x1784;&#x1793;&#x17B7;&#x1791;&#x17B6;&#x1793;&#x1780;&#x17BB;&#x1798;&#x17B6;&#x179A;</subfield>
  </datafield>
  <datafield tag="650" ind1=" " ind2=" ">
    <subfield code="a">Ya Ya's first day of school</subfield>
    <subfield code="v">Children's Stories </subfield>
  </datafield>
  <datafield tag="700" ind1=" " ind2=" ">
    <subfield code="a">San, Thai</subfield>
    <subfield code="e">Illustrator </subfield>
  </datafield>
  <datafield tag="942" ind1=" " ind2=" ">
    <subfield code="2">lcc</subfield>
    <subfield code="c">KHB</subfield>
    <subfield code="n">0</subfield>
  </datafield>
  <datafield tag="999" ind1=" " ind2=" ">
    <subfield code="c">8830</subfield>
    <subfield code="d">8830</subfield>
  </datafield>
  <datafield tag="952" ind1=" " ind2=" ">
    <subfield code="0">0</subfield>
    <subfield code="1">0</subfield>
    <subfield code="2">ddc</subfield>
    <subfield code="4">0</subfield>
    <subfield code="7">0</subfield>
    <subfield code="8">Khmer-English Bilingual </subfield>
    <subfield code="a">002</subfield>
    <subfield code="b">002</subfield>
    <subfield code="c">TTP Khmer</subfield>
    <subfield code="d">2025-10-22</subfield>
    <subfield code="l">0</subfield>
    <subfield code="o">VIC PZ7 895</subfield>
    <subfield code="p">2025-4701</subfield>
    <subfield code="r">2025-10-22 10:44:29</subfield>
    <subfield code="w">2025-10-22</subfield>
    <subfield code="y">KHB</subfield>
  </datafield>
</record>
